000 00654nam a22002177a 4500
003 UA-OsUOA
001 108013
007 ta
008 20140924b un ||||| |||| 00| 0 ukr d
100 _aШлыков П.В.
090 _a32
_bШ69
942 _cSA
040 _aUA-OsUOA
_brus
_cUA-OsUOA
_dUA-OsUOA
245 _aТрансформация партийно-политической системы Турции в 1983-2013 гг. и мобилизационные стратегии оппозици. Часть 2
300 _aС.54-72
955 _a0
041 _arus
080 _a32
773 0 _w108012
650 7 _a32 Політика
_2UDC
999 _c394749
_d394749